[Event "Berlin-ch Seniors op 39th"]
[Site "Berlin"]
[Date "2023.01.26"]
[Round "3"]
[White "Ahlberg, Matthias"]
[Black "Herrmann, Dirk"]
[Result "0-1"]
[WhiteElo "2207"]
[BlackElo "1842"]
[PlyCount "74"]
[EventDate "2023.01.24"]
[EventType "swiss"]
[EventRounds "9"]
[EventCountry "GER"]
[SourceTitle "CBM 212 Extra"]
[Source "ChessBase"]
[SourceDate "2023.03.31"]
[SourceVersion "1"]
[SourceVersionDate "2023.03.31"]
[SourceQuality "1"]

1. e4 c6 2. d4 d5 3. exd5 cxd5 4. Bd3 Nc6 5. c3 Nf6 6. Ne2 Bg4 7. 0-0 e6 8. Qe1 Bd6 9. f3 Bh5 10. Qh4 0-0 11. Nf4 Bg6 12. Nxg6 hxg6 13. Bg5 Qc7 14. f4 Ne4 15. Bxe4 dxe4 16. Qg4 Na5 17. b3 Rac8 18. Bh4 Qc6 19. Be1 Qd5 20. Bd2 Nc6 21. Be3 Ne7 22. c4 Qa5 23. Qe2 f5 24. Rc1 Kf7 25. Nc3 Rh8 26. Nd1 g5 27. g3 gxf4 28. Bxf4 Bxf4 29. gxf4 Qc7 30. Ne3 Qxf4 31. Rf1 Qg5+ 32. Kh1 Rh3 33. Ng4 Rch8 34. Ne5+ Ke8 35. Rf2 Qh4 36. Rg1 e3 37. Rfg2 Qe4 0-1

[Event "GER-ch Net blitz sf"]
[Site "Playchess.com INT"]
[Date "2021.06.05"]
[Round "7"]
[White "Ahlberg, Matthias"]
[Black "Gremmel, Jonas Simon"]
[Result "1/2-1/2"]
[WhiteElo "1959"]
[BlackElo "2054"]
[PlyCount "135"]
[EventDate "2021.06.05"]
[EventType "swiss (blitz)"]
[EventRounds "13"]
[EventCountry "GER"]
[SourceTitle "EXT 2023"]
[Source "ChessBase"]
[SourceDate "2022.10.05"]
[SourceVersion "1"]
[SourceVersionDate "2022.10.05"]
[SourceQuality "1"]

1. e4 c6 2. d4 d5 3. exd5 cxd5 4. Bd3 Nf6 5. Ne2 g6 6. 0-0 Bg7 7. Nd2 0-0 8. f4 Nc6 9. Nf3 Ne4 10. Ne5 f6 11. Nxc6 bxc6 12. c4 e5 13. Bxe4 dxe4 14. dxe5 Qxd1 15. Rxd1 Bg4 16. Rd2 fxe5 17. fxe5 Bxe5 18. Ng3 e3 19. Rd3 Bxg3 20. hxg3 e2 21. Bh6 Rfd8 22. Rxd8+ Rxd8 23. Re1 Rd1 24. Kf2 Kf7 25. Be3 a6 26. Bc5 Ke6 27. Bb4 Rd4 28. b3 h5 29. Ke3 Rd8 30. Bc3 Re8 31. Kd2 Kd7 32. Kc2 Kc7 33. b4 Kb7 34. a4 Re3 35. b5 axb5 36. cxb5 cxb5 37. Rb1 Rxg3 38. Rxb5+ Kc6 39. Be1 Rxg2 40. Ra5 Rg1 41. Kd2 Rf1 42. Ra6+ Kb7 43. Rxg6 Rf5 44. Ke3 Rd5 45. a5 Rd1 46. Kf2 Ra1 47. Rh6 Ka7 48. Rh7+ Ka6 49. Rh6+ Kb5 50. Rb6+ Kc5 51. Rb2 Kd5 52. Rb6 Ke4 53. a6 Kf5 54. Rb5+ Kg6 55. Ra5 Rxa5 56. Bxa5 Bd7 57. Kxe2 Bc6 58. Kf2 Kf5 59. Kg3 Kg5 60. Bd8+ Kg6 61. Kf4 Ba8 62. Ke5 Bg2 63. Kd6 Kf5 64. Kc7 Kg4 65. Kb8 h4 66. Bxh4 Kxh4 67. a7 Kg4 68. a8B 1/2-1/2

[Event "GER-ch Net blitz sf"]
[Site "Playchess.com INT"]
[Date "2021.06.05"]
[Round "4"]
[White "Ahlberg, Matthias"]
[Black "Hundack, Rolf"]
[Result "0-1"]
[WhiteElo "1959"]
[BlackElo "2055"]
[PlyCount "112"]
[EventDate "2021.06.05"]
[EventType "swiss (blitz)"]
[EventRounds "13"]
[EventCountry "GER"]
[SourceTitle "EXT 2023"]
[Source "ChessBase"]
[SourceDate "2022.10.05"]
[SourceVersion "1"]
[SourceVersionDate "2022.10.05"]
[SourceQuality "1"]

1. e4 e5 2. Nf3 Nc6 3. Bb5 g6 4. 0-0 Bg7 5. c4 a6 6. Ba4 d6 7. Nc3 Bd7 8. d3 Nf6 9. Bg5 h6 10. Bh4 0-0 11. Nd5 g5 12. Bg3 Nxd5 13. cxd5 Ne7 14. Bxd7 Qxd7 15. Qb3 Rab8 16. Nd2 Ng6 17. f3 Kh8 18. Rac1 c5 19. Nc4 b5 20. Na5 f5 21. Nc6 Ra8 22. a4 b4 23. Qd1 Nf4 24. b3 Rae8 25. Na5 Nh5 26. Nc4 f4 27. Bf2 Rg8 28. h3 Bf6 29. Qc2 Rg7 30. Nb6 Qf7 31. Qc4 Reg8 32. Qxa6 Ng3 33. Bxg3 fxg3 34. Qb5 h5 35. Nc4 Be7 36. Qd7 g4 37. fxg4 Qg6 38. gxh5 Qxh5 39. Rf3 Qh6 40. Qe6 Qxc1+ 41. Rf1 Qg5 42. Nxd6 Bxd6 43. Qxd6 Qe3+ 44. Kh1 Qg5 45. Qxc5 Rg6 46. Qxb4 Rf6 47. Qe1 Rgf8 48. Rxf6 Rxf6 49. a5 Rf2 50. Qd1 Rd2 51. Qe1 Qf4 52. d6 Qf2 53. Qxf2 gxf2 54. d7 f1Q+ 55. Kh2 Qf4+ 56. Kh1 Rd1# 0-1

[Event "GER-ch Net blitz sf"]
[Site "Playchess.com INT"]
[Date "2021.06.05"]
[Round "12"]
[White "Hoffmann, Hendrik"]
[Black "Ahlberg, Matthias"]
[Result "0-1"]
[WhiteElo "2137"]
[BlackElo "1959"]
[PlyCount "130"]
[EventDate "2021.06.05"]
[EventType "swiss (blitz)"]
[EventRounds "13"]
[EventCountry "GER"]
[SourceTitle "EXT 2023"]
[Source "ChessBase"]
[SourceDate "2022.10.05"]
[SourceVersion "1"]
[SourceVersionDate "2022.10.05"]
[SourceQuality "1"]

1. e4 c6 2. d4 d5 3. Nc3 dxe4 4. Nxe4 Nf6 5. Nxf6+ gxf6 6. c3 Bf5 7. Nf3 e6 8. g3 Bd6 9. Bg2 Qc7 10. 0-0 Nd7 11. Re1 0-0 12. Nh4 Bg6 13. f4 f5 14. Qc2 Nf6 15. Bd2 Rfd8 16. Nf3 Ne4 17. Ne5 Nxd2 18. Qxd2 Bxe5 19. fxe5 Qb6 20. b4 a5 21. a3 axb4 22. axb4 Rxa1 23. Rxa1 Qb5 24. h3 Qxe5 25. Qg5 Qc7 26. h4 h6 27. Qxh6 Qxg3 28. Rf1 Bh7 29. Rf3 Qg7 30. Qf4 Kh8 31. Rg3 Qf6 32. Rg5 Rg8 33. Kf2 Rxg5 34. hxg5 Qe7 35. Qe5+ Kg8 36. Bf3 Qxg5 37. Qb8+ Kg7 38. Qxb7 Qd2+ 39. Kf1 f4 40. Qxc6 Bd3+ 41. Kg1 Qe1+ 42. Kh2 Qg3+ 43. Kh1 Bb5 44. Qe4 Bc4 45. Qe5+ Kf8 46. Qd6+ Kg8 47. Qb8+ Kh7 48. Be4+ f5 49. Qc7+ Kg6 50. Qxc4 Qh3+ 51. Kg1 Qe3+ 52. Kh2 Qxe4 53. b5 f3 54. Kg3 Qg4+ 55. Kf2 Qg2+ 56. Ke3 Qg4 57. Qxe6+ Kh5 58. Qf7+ Kh4 59. Qf6+ Kg3 60. Qe5+ Kg2 61. b6 Qg5+ 62. Kd3 f2 63. Qd5+ Kg1 64. Qf3 f1Q+ 65. Qxf1+ Kxf1 0-1

[Event "GER-ch Net blitz qual4"]
[Site "Playchess.com INT"]
[Date "2021.05.10"]
[Round "4"]
[White "Ahlberg, Matthias"]
[Black "Gallasch, Robin"]
[Result "0-1"]
[WhiteElo "2107"]
[BlackElo "1858"]
[PlyCount "114"]
[EventDate "2021.05.10"]
[EventType "swiss (blitz)"]
[EventRounds "11"]
[EventCountry "GER"]
[SourceTitle "CBM 202 Extra"]
[Source "ChessBase"]
[SourceDate "2021.07.31"]
[SourceVersion "1"]
[SourceVersionDate "2021.07.31"]
[SourceQuality "1"]

1. e4 c6 2. d4 d5 3. exd5 cxd5 4. Bd3 Nc6 5. c3 Qc7 6. Ne2 Bg4 7. 0-0 e6 8. Qe1 Bd6 9. f3 Bh5 10. Qh4 Nf6 11. Bg5 Bg6 12. Bxg6 fxg6 13. Bxf6 gxf6 14. Qxf6 Kd7 15. Ng3 Be7 16. Qg7 h5 17. Qxg6 Rag8 18. Qc2 h4 19. Nh1 Bd6 20. h3 Bh2+ 21. Kf2 Rg7 22. Ke1 Rhg8 23. Rf2 Qf4 24. Kf1 Ne7 25. Qd2 Qxd2 26. Rxd2 Nf5 27. Re2 Rxg2 28. Rxg2 Ne3+ 29. Kf2 Nxg2 30. Nd2 Nf4 31. Ke3 Rg2 32. Nf2 Bg3 33. Rf1 Bxf2+ 34. Rxf2 Rxf2 35. Kxf2 Nxh3+ 36. Kg2 Nf4+ 37. Kh2 Kd6 38. Nf1 e5 39. dxe5+ Kxe5 40. Ne3 Nd3 41. Kh3 Nxb2 42. Kxh4 Na4 43. Kg5 Nxc3 44. f4+ Ke4 45. Nc2 d4 46. f5 d3 47. Nb4 d2 48. f6 d1Q 49. f7 Qf1 50. Kg6 Nd5 51. Kg7 Qf6+ 52. Kg8 Qg6+ 53. Kf8 Nxb4 54. Ke8 Qe6+ 55. Kf8 Kf5 56. Kg7 Qg6+ 57. Kh8 Qxf7 0-1

[Event "GER-ch Net blitz qual4"]
[Site "Playchess.com INT"]
[Date "2021.05.10"]
[Round "11"]
[White "Ahlberg, Matthias"]
[Black "Reindl, Jork"]
[Result "1-0"]
[WhiteElo "2107"]
[BlackElo "1739"]
[PlyCount "41"]
[EventDate "2021.05.10"]
[EventType "swiss (blitz)"]
[EventRounds "11"]
[EventCountry "GER"]
[SourceTitle "CBM 202 Extra"]
[Source "ChessBase"]
[SourceDate "2021.07.31"]
[SourceVersion "1"]
[SourceVersionDate "2021.07.31"]
[SourceQuality "1"]

1. e4 e6 2. d4 d5 3. Nc3 Bb4 4. e5 c5 5. Bd2 Ne7 6. a3 Bxc3 7. bxc3 h5 8. Bd3 Nf5 9. Bxf5 exf5 10. Nf3 Be6 11. Bg5 Qa5 12. Qd2 Nc6 13. h4 c4 14. 0-0 Kd7 15. Rfb1 Rab8 16. a4 a6 17. Rb2 Rhf8 18. Rab1 Qc7 19. Rb6 f6 20. exf6 gxf6 21. Bf4 1-0

[Event "GER-ch Net blitz qual4"]
[Site "Playchess.com INT"]
[Date "2021.05.10"]
[Round "6"]
[White "Ahlberg, Matthias"]
[Black "Syre, Christian"]
[Result "1-0"]
[WhiteElo "2107"]
[BlackElo "1836"]
[PlyCount "69"]
[EventDate "2021.05.10"]
[EventType "swiss (blitz)"]
[EventRounds "11"]
[EventCountry "GER"]
[SourceTitle "CBM 202 Extra"]
[Source "ChessBase"]
[SourceDate "2021.07.31"]
[SourceVersion "1"]
[SourceVersionDate "2021.07.31"]
[SourceQuality "1"]

1. e4 Nc6 2. Nc3 d6 3. g3 g6 4. Bg2 Bg7 5. d3 e5 6. Be3 Nd4 7. Nce2 c5 8. c3 Nc6 9. Qd2 h5 10. f4 h4 11. Nf3 h3 12. Bf1 Bg4 13. Neg1 f6 14. Nh4 Nge7 15. Bxh3 Bxh3 16. Nxh3 exf4 17. Nxf4 Ne5 18. Ne6 Qb6 19. Nxg7+ Kf7 20. 0-0-0 Kxg7 21. Rdf1 Raf8 22. b3 Ng4 23. d4 Nxe3 24. Qxe3 Nc6 25. dxc5 dxc5 26. Nf3 Re8 27. Nd2 Ne5 28. Kc2 Qa5 29. Kb1 Rd8 30. Qf2 Rd6 31. Nf3 Nd3 32. Qc2 c4 33. b4 Qd8 34. Nd4 a6 35. Rf3 1-0

[Event "GER-ch Net blitz qual3"]
[Site "Playchess.com INT"]
[Date "2021.05.07"]
[Round "2"]
[White "Ahlberg, Matthias"]
[Black "Beyerlein, Andreas"]
[Result "1-0"]
[WhiteElo "2129"]
[BlackElo "1825"]
[PlyCount "137"]
[EventDate "2021.05.07"]
[EventType "swiss (blitz)"]
[EventRounds "11"]
[EventCountry "GER"]
[SourceTitle "CBM 202 Extra"]
[Source "ChessBase"]
[SourceDate "2021.07.31"]
[SourceVersion "1"]
[SourceVersionDate "2021.07.31"]
[SourceQuality "1"]

1. e4 c5 2. Nc3 Nc6 3. g3 g6 4. Bg2 Bg7 5. d3 e6 6. Be3 Nd4 7. Qd2 Ne7 8. Nd1 0-0 9. c3 Ndc6 10. Bxc5 b6 11. Bd6 Bb7 12. Nf3 Re8 13. Ne3 Nc8 14. Ba3 d5 15. 0-0 N8e7 16. exd5 Nxd5 17. Nxd5 Qxd5 18. Nh4 Qd7 19. d4 Red8 20. Rad1 Na5 21. b3 Bxg2 22. Nxg2 Nc6 23. Bb2 Ne5 24. Qf4 Nc6 25. Ne3 a5 26. Ng4 Qe7 27. Nh6+ Bxh6 28. Qxh6 f6 29. Rfe1 e5 30. d5 Nb8 31. c4 Nd7 32. Qh4 Kg7 33. Bc1 h5 34. Qh3 Nc5 35. f4 e4 36. f5 Nd3 37. Rf1 Nxc1 38. Rxc1 Qe5 39. fxg6 Kxg6 40. Rce1 Rf8 41. Rf4 Qd4+ 42. Kh1 Qd2 43. Qf5+ Kg7 44. Rfxe4 Ra7 45. Re7+ Rf7 46. Rxf7+ Rxf7 47. Qe6 Qxa2 48. d6 Qxb3 49. d7 Qd3 50. Qxb6 h4 51. Qf2 Qxd7 52. gxh4 Qc6+ 53. Qg2+ Qxg2+ 54. Kxg2 Kh6 55. Ra1 Kh5 56. Rxa5+ Kxh4 57. c5 Rc7 58. Kf3 Kg5 59. Ke4 f5+ 60. Kd5 Kf4 61. Kd6 Rc8 62. Kd7 Rh8 63. c6 Rxh2 64. c7 Rd2+ 65. Ke6 Rc2 66. Rxf5+ Ke4 67. Rf7 Kd4 68. Kd7 Ke5 69. c8Q 1-0

[Event "GER-ch Net blitz qual2"]
[Site "Playchess.com INT"]
[Date "2021.05.04"]
[Round "7"]
[White "Ahlberg, Matthias"]
[Black "Gley, Reinhard"]
[Result "1-0"]
[WhiteElo "2007"]
[BlackElo "1852"]
[PlyCount "49"]
[EventDate "2021.05.04"]
[EventType "swiss (blitz)"]
[EventRounds "11"]
[EventCountry "GER"]
[SourceTitle "CBM 202 Extra"]
[Source "ChessBase"]
[SourceDate "2021.07.31"]
[SourceVersion "1"]
[SourceVersionDate "2021.07.31"]
[SourceQuality "1"]

1. e4 e6 2. Qe2 c5 3. Nc3 Nc6 4. Nf3 b6 5. d3 Bb7 6. Be3 Nf6 7. h3 d5 8. exd5 Nxd5 9. Nxd5 Qxd5 10. c3 Be7 11. b3 Bf6 12. Qc2 Ne5 13. Be2 0-0-0 14. 0-0-0 h6 15. d4 Nd7 16. dxc5 Qc6 17. cxb6 Nxb6 18. c4 e5 19. Rxd8+ Rxd8 20. Rd1 Rxd1+ 21. Qxd1 g5 22. Ne1 e4 23. Bg4+ Kc7 24. Nc2 a5 25. Nd4 1-0

[Event "GER-ch Net blitz qual2"]
[Site "Playchess.com INT"]
[Date "2021.05.04"]
[Round "4"]
[White "Ahlberg, Matthias"]
[Black "Koelle, Tobias"]
[Result "1/2-1/2"]
[WhiteElo "2007"]
[BlackElo "2324"]
[PlyCount "38"]
[EventDate "2021.05.04"]
[EventType "swiss (blitz)"]
[EventRounds "11"]
[EventCountry "GER"]
[SourceTitle "CBM 202 Extra"]
[Source "ChessBase"]
[SourceDate "2021.07.31"]
[SourceVersion "1"]
[SourceVersionDate "2021.07.31"]
[SourceQuality "1"]

1. e4 c5 2. Nc3 e6 3. g3 f5 4. exf5 Nf6 5. fxe6 d5 6. Bg2 Be7 7. Nge2 0-0 8. Nf4 d4 9. Ne4 Nc6 10. 0-0 Kh8 11. d3 Rb8 12. Ng5 Qe8 13. Nf7+ Kg8 14. Ng5 b6 15. Re1 Bb7 16. Ne4 Kh8 17. Ng5 Kg8 18. Ne4 Kh8 19. Ng5 Kg8 1/2-1/2

[Event "GER-ch Net blitz qual2"]
[Site "Playchess.com INT"]
[Date "2021.05.04"]
[Round "10"]
[White "Ahlberg, Matthias"]
[Black "Meschke, Andreas"]
[Result "1/2-1/2"]
[WhiteElo "2007"]
[BlackElo "1854"]
[PlyCount "117"]
[EventDate "2021.05.04"]
[EventType "swiss (blitz)"]
[EventRounds "11"]
[EventCountry "GER"]
[SourceTitle "CBM 202 Extra"]
[Source "ChessBase"]
[SourceDate "2021.07.31"]
[SourceVersion "1"]
[SourceVersionDate "2021.07.31"]
[SourceQuality "1"]

1. e4 e5 2. Nf3 Nc6 3. Bb5 Bb4 4. c3 Ba5 5. d3 Bb6 6. Nbd2 Nge7 7. Nf1 0-0 8. Be3 d6 9. Ng3 Ng6 10. 0-0 Bg4 11. h3 Bd7 12. Bc4 Nce7 13. Bg5 Qe8 14. Qb3 a5 15. a4 Nf4 16. Bxf4 exf4 17. Ne2 Ng6 18. Ng5 Qe7 19. Nf3 Rae8 20. Ned4 Ne5 21. Nxe5 dxe5 22. Nf3 Qf6 23. Rad1 Qg6 24. Kh2 Qh5 25. Ng1 Kh8 26. d4 exd4 27. cxd4 Rxe4 28. Bd5 Rxd4 29. Rxd4 Bxd4 30. Bf3 Qc5 31. Qa3 Bxf2 32. Rxf2 Qxa3 33. bxa3 b6 34. Rc2 Bxa4 35. Rxc7 Kg8 36. Ne2 Re8 37. Nxf4 Re3 38. Rc8+ Be8 39. Bc6 Kf8 40. Bxe8 Rxe8 41. Rxe8+ Kxe8 42. Kg3 Kd7 43. Kf3 Kc6 44. Ke3 b5 45. Kd3 Kc5 46. Kc3 b4+ 47. axb4+ axb4+ 48. Kb3 Kd4 49. Kxb4 Ke4 50. Nh5 g6 51. Nf6+ Kf4 52. Nxh7 Kg3 53. Ng5 Kxg2 54. Kc5 f6 55. Ne4 Kxh3 56. Nxf6 g5 57. Kd4 Kg3 58. Ke3 g4 59. Nxg4 1/2-1/2

[Event "GER-ch Net blitz qual1"]
[Site "Playchess.com INT"]
[Date "2021.04.24"]
[Round "6"]
[White "Ahlberg, Matthias"]
[Black "Poschadel, Andreas Gregor"]
[Result "1-0"]
[WhiteElo "1989"]
[BlackElo "1620"]
[PlyCount "27"]
[EventDate "2021.04.24"]
[EventType "swiss (blitz)"]
[EventRounds "11"]
[EventCountry "GER"]
[SourceTitle "CBM 202 Extra"]
[Source "ChessBase"]
[SourceDate "2021.07.31"]
[SourceVersion "1"]
[SourceVersionDate "2021.07.31"]
[SourceQuality "1"]

1. e4 d5 2. Nc3 dxe4 3. Nxe4 b6 4. Nf3 Bb7 5. Ng3 Nf6 6. Bc4 e6 7. 0-0 Bd6 8. d4 h6 9. c3 Nbd7 10. Qb3 0-0 11. Re1 a5 12. Ne5 Bd5 13. Bxd5 Nxd5 14. c4 1-0

[Event "GER-ch Net blitz qual1"]
[Site "Playchess.com INT"]
[Date "2021.04.24"]
[Round "7"]
[White "Kleeschaetzky, Rainer"]
[Black "Ahlberg, Matthias"]
[Result "1-0"]
[WhiteElo "2142"]
[BlackElo "1989"]
[PlyCount "83"]
[EventDate "2021.04.24"]
[EventType "swiss (blitz)"]
[EventRounds "11"]
[EventCountry "GER"]
[SourceTitle "CBM 202 Extra"]
[Source "ChessBase"]
[SourceDate "2021.07.31"]
[SourceVersion "1"]
[SourceVersionDate "2021.07.31"]
[SourceQuality "1"]

1. e4 c6 2. d4 d5 3. e5 Bf5 4. h4 h6 5. g4 Be4 6. f3 Bh7 7. h5 e6 8. f4 c5 9. c3 Nc6 10. Nf3 Be4 11. Be3 Qb6 12. Rh2 Bxf3 13. Qxf3 cxd4 14. Bg1 Qa5 15. Kf2 dxc3 16. Nxc3 Qb6+ 17. Kg2 Qxb2+ 18. Kg3 Qxa1 19. Nb5 Rc8 20. Rc2 Qe1+ 21. Kh2 Be7 22. Bd3 a6 23. Bf2 Qa1 24. Nd4 Bd8 25. Nb3 Nd4 26. Bxd4 Qe1 27. Rxc8 Qh4+ 28. Kg2 Ne7 29. Bf2 Qxf2+ 30. Qxf2 Nxc8 31. Nd4 0-0 32. f5 Bb6 33. Qf4 exf5 34. gxf5 Ne7 35. Nf3 Rc8 36. f6 Nc6 37. Qg4 g5 38. Qxc8+ Bd8 39. Qxb7 Na5 40. Qc8 Nc6 41. Qxc6 g4 42. Qe8# 1-0

[Event "GER Cup Net V3 U2400"]
[Site "Playchess.com INT"]
[Date "2020.05.27"]
[Round "6"]
[White "Schulz, Michael4"]
[Black "Ahlberg, Matthias"]
[Result "1-0"]
[WhiteElo "1978"]
[BlackElo "1815"]
[PlyCount "137"]
[EventDate "2020.05.27"]
[EventType "swiss (blitz)"]
[EventRounds "9"]
[EventCountry "GER"]
[SourceTitle "EXT 2021"]
[Source "ChessBase"]
[SourceDate "2020.10.23"]
[SourceVersion "1"]
[SourceVersionDate "2020.10.23"]
[SourceQuality "1"]

1. d4 c6 2. Nf3 d5 3. Bf4 Nf6 4. Nbd2 Bf5 5. e3 e6 6. Bd3 Bxd3 7. cxd3 Bd6 8. Bg3 0-0 9. Ne5 Ne8 10. f4 f6 11. Nef3 Nd7 12. 0-0 Qb6 13. Qb3 f5 14. Ne5 Ndf6 15. Bh4 Bxe5 16. fxe5 Ng4 17. Rf3 Rf7 18. h3 Nh6 19. Raf1 Nc7 20. g4 fxg4 21. Rxf7 Nxf7 22. hxg4 Re8 23. Qxb6 axb6 24. a3 Nh6 25. Rf4 Rf8 26. Rxf8+ Kxf8 27. Bd8 Na8 28. g5 Nf5 29. Kf2 Ke8 30. g6 hxg6 31. Bg5 Nc7 32. Nf3 Na6 33. Ng1 b5 34. Ne2 b4 35. Nf4 Kf7 36. a4 b5 37. axb5 cxb5 38. Bd8 b3 39. Nh3 Ke8 40. Ba5 Ne7 41. Ng5 Kd7 42. Nf7 Nc6 43. Be1 Nab4 44. Ke2 Nc2 45. Bh4 N6b4 46. Nd6 Nxd4+ 47. exd4 Kc6 48. Ne8 Nc2 49. Bf2 b4 50. Nxg7 Na3 51. Nxe6 Nb5 52. Nf4 g5 53. Nh5 Nc3+ 54. Kd2 Na4 55. Kc1 Kd7 56. Nf6+ Ke6 57. Be3 Kf5 58. Nxd5 g4 59. Nf4 Nb6 60. e6 Nc8 61. d5 g3 62. Ng2 Kg4 63. Bc5 Kf3 64. Ne1+ Ke2 65. Ng2 Kf3 66. Ne3 Kf2 67. Nf5+ Kf3 68. Nxg3 Kxg3 69. d6 1-0

[Event "GER Cup Net V2 U2400"]
[Site "Playchess.com INT"]
[Date "2020.05.22"]
[Round "8"]
[White "Ahlberg, Matthias"]
[Black "Roelle, Philipp"]
[Result "1-0"]
[WhiteElo "1933"]
[BlackElo "1885"]
[PlyCount "103"]
[EventDate "2020.05.22"]
[EventType "swiss (blitz)"]
[EventRounds "9"]
[EventCountry "GER"]
[SourceTitle "EXT 2021"]
[Source "ChessBase"]
[SourceDate "2020.10.23"]
[SourceVersion "1"]
[SourceVersionDate "2020.10.23"]
[SourceQuality "1"]

1. e4 c6 2. d4 d5 3. exd5 cxd5 4. Bd3 Nc6 5. c3 Qc7 6. Ne2 Bg4 7. 0-0 e6 8. Qe1 Bh5 9. Nd2 Bg6 10. Bb5 Bd6 11. f4 Nge7 12. Nf3 0-0 13. Ne5 a6 14. Bd3 Bxd3 15. Nxd3 Rae8 16. Ne5 f6 17. Nd3 b5 18. Ng3 e5 19. fxe5 fxe5 20. Rxf8+ Rxf8 21. dxe5 Nxe5 22. Nxe5 Bxe5 23. Be3 Bxg3 24. Qxg3 Qxg3 25. hxg3 Nf5 26. Bf2 Kf7 27. Rd1 Ke6 28. Re1+ Kd7 29. Bc5 Re8 30. Rxe8 Kxe8 31. Kf2 Kd7 32. Kf3 Kc6 33. Bf8 d4 34. Kf4 dxc3 35. bxc3 Nd6 36. Bxg7 Kd5 37. g4 Ne8 38. Be5 a5 39. a3 Kc4 40. Kg5 Kb3 41. Kh6 Kxa3 42. Kxh7 Kb3 43. g5 Kc4 44. Kg8 a4 45. Bf4 Kxc3 46. Kf7 a3 47. Kxe8 Kc2 48. g6 a2 49. Be5 b4 50. g7 b3 51. g8Q b2 52. Qg6+ 1-0

[Event "GER Cup Net V1 U2400"]
[Site "Playchess.com INT"]
[Date "2020.05.19"]
[Round "3"]
[White "Ahlberg, Matthias"]
[Black "Becker, Marcel"]
[Result "0-1"]
[WhiteElo "1913"]
[BlackElo "2167"]
[PlyCount "32"]
[EventDate "2020.05.19"]
[EventType "swiss (blitz)"]
[EventRounds "9"]
[EventCountry "GER"]
[SourceTitle "EXT 2021"]
[Source "ChessBase"]
[SourceDate "2020.10.23"]
[SourceVersion "1"]
[SourceVersionDate "2020.10.23"]
[SourceQuality "1"]

1. e4 c6 2. d4 d5 3. exd5 cxd5 4. Bd3 Nc6 5. c3 Qc7 6. Ne2 Bg4 7. 0-0 e6 8. Qe1 Nf6 9. f3 Bh5 10. Qh4 Rg8 11. Bg5 Bg6 12. Bxg6 hxg6 13. Bxf6 gxf6 14. Nd2 0-0-0 15. Qxf6 g5 16. Ng3 Bg7 0-1

[Event "GER Cup Net V1 U2400"]
[Site "Playchess.com INT"]
[Date "2020.05.19"]
[Round "9"]
[White "Ahlberg, Matthias"]
[Black "Tiarks, Jann Christian"]
[Result "0-1"]
[WhiteElo "1913"]
[BlackElo "2053"]
[PlyCount "92"]
[EventDate "2020.05.19"]
[EventType "swiss (blitz)"]
[EventRounds "9"]
[EventCountry "GER"]
[SourceTitle "EXT 2021"]
[Source "ChessBase"]
[SourceDate "2020.10.23"]
[SourceVersion "1"]
[SourceVersionDate "2020.10.23"]
[SourceQuality "1"]

1. e4 c5 2. Nc3 a6 3. g3 b5 4. Bg2 Bb7 5. Nge2 d6 6. 0-0 e6 7. d4 cxd4 8. Nxd4 Nd7 9. Be3 b4 10. Nce2 Ngf6 11. f3 Be7 12. c4 bxc3 13. Nxc3 0-0 14. Rc1 d5 15. exd5 Nxd5 16. Nxd5 Bxd5 17. Nc6 Qe8 18. Nxe7+ Qxe7 19. Qa4 Nf6 20. Bc5 Qe8 21. Qd4 Rd8 22. Qc3 Rc8 23. Qa3 Qb5 24. Bxf8 Rxf8 25. Rc5 Qe2 26. Rfc1 h6 27. Rc8 Rxc8 28. Rxc8+ Kh7 29. Qc3 g6 30. Qc2 Qe1+ 31. Bf1 Kg7 32. Qc3 Qb1 33. a3 h5 34. Rc7 h4 35. Rc5 Qf5 36. Ra5 h3 37. Ra4 e5 38. Qe3 Bxf3 39. Bd3 e4 40. Be2 Bxe2 41. Qxe2 Qc5+ 42. Qf2 e3 43. Qe2 Qc1+ 44. Qf1 Qxb2 45. Rf4 a5 46. Qe1 Qg2# 0-1

[Event "GER-ch Net Amateur Gr-A Vor3"]
[Site "Playchess.com INT"]
[Date "2020.04.16"]
[Round "6"]
[White "Ahlberg, Matthias"]
[Black "Fromm, Marius"]
[Result "0-1"]
[WhiteElo "1883"]
[BlackElo "2029"]
[PlyCount "106"]
[EventDate "2020.04.16"]
[EventType "swiss (blitz)"]
[EventRounds "9"]
[EventCountry "GER"]
[SourceTitle "CBM 195 Extra"]
[Source "ChessBase"]
[SourceDate "2020.05.31"]
[SourceVersion "1"]
[SourceVersionDate "2020.05.31"]
[SourceQuality "1"]

1. e4 e5 2. Nf3 Nc6 3. Bb5 a6 4. Ba4 Nf6 5. Qe2 Be7 6. c3 b5 7. Bb3 0-0 8. d3 Bb7 9. Nbd2 d5 10. Nf1 Qd7 11. Ng3 Rfe8 12. Bg5 dxe4 13. dxe4 h6 14. Rd1 Qc8 15. Bxf6 Bxf6 16. Nf5 Ne7 17. N3h4 Nxf5 18. Nxf5 a5 19. Qf3 a4 20. Bc2 Qe6 21. a3 Rad8 22. 0-0 Kh7 23. Ng3 g6 24. Qe3 Be7 25. Qa7 Qa6 26. Qe3 Qc6 27. Bb1 Bc5 28. Qe2 Ba6 29. Qc2 Qe6 30. Rfe1 Kg7 31. Kh1 Bb7 32. Qe2 Bc6 33. Bd3 Rb8 34. Bb1 h5 35. Nf1 Red8 36. Ne3 Be8 37. Nc2 c6 38. Nb4 Bb6 39. Na6 Rbc8 40. Nb4 Rxd1 41. Rxd1 Rd8 42. Ba2 Rxd1+ 43. Qxd1 Qd7 44. Qxd7 Bxd7 45. f3 Kf6 46. Nd3 Be6 47. Bxe6 Kxe6 48. Nb4 Kd6 49. g3 Be3 50. Nd3 f5 51. Kg2 c5 52. Kf1 c4 53. Nb4 Bc1 0-1

[Event "GER-ch Net Amateur Gr-A Vor3"]
[Site "Playchess.com INT"]
[Date "2020.04.16"]
[Round "5"]
[White "Jahnz, Fabian"]
[Black "Ahlberg, Matthias"]
[Result "0-1"]
[WhiteElo "2020"]
[BlackElo "1858"]
[PlyCount "104"]
[EventDate "2020.04.16"]
[EventType "swiss (blitz)"]
[EventRounds "9"]
[EventCountry "GER"]
[SourceTitle "CBM 195 Extra"]
[Source "ChessBase"]
[SourceDate "2020.05.31"]
[SourceVersion "1"]
[SourceVersionDate "2020.05.31"]
[SourceQuality "1"]

1. e4 c6 2. Ne2 d5 3. e5 Bf5 4. Ng3 e6 5. Nxf5 exf5 6. d4 Ne7 7. Bd3 g6 8. Nc3 b5 9. Ne2 Na6 10. c3 Nc7 11. h4 h5 12. Be3 Ne6 13. Qd2 Qc8 14. f3 Bg7 15. b3 Qb7 16. 0-0 Nc8 17. c4 Nb6 18. cxb5 0-0 19. bxc6 Qxc6 20. Rfc1 Qd7 21. a4 Qe7 22. a5 Nd7 23. Nc3 Qxh4 24. Bf2 Qd8 25. Nb5 Kh7 26. Nd6 Bh6 27. Be3 f4 28. Bf2 Ng5 29. b4 Qe7 30. Rc7 Qe6 31. Rac1 Kg7 32. R1c6 Qe7 33. Bb5 Ne6 34. Rb7 Rfd8 35. Ba4 h4 36. Bb3 h3 37. gxh3 Ng5 38. Kg2 Qe6 39. Qe2 Qxh3+ 40. Kg1 Nxf3+ 41. Qxf3 Qxf3 42. Rcc7 Qg4+ 43. Kf1 f3 44. Bxd5 Bd2 45. Bxf3 Qxf3 46. Rxd7 Qd1+ 47. Kg2 Qg4+ 48. Kf1 Rxd7 49. Rb5 Qd1+ 50. Kg2 Rh8 51. Ne4 Qh1+ 52. Kg3 Qh3# 0-1